Central Library OPAC University of Rajshahi

কালিদাসের কাব্যে ফুল / (Record no. 56250)

MARC details
000 -LEADER
fixed length control field 00896nam a2200217 a 4500
001 - CONTROL NUMBER
control field 56250
003 - CONTROL NUMBER IDENTIFIER
rucl marc code BD-RjUL
005 - DATE AND TIME OF LATEST TRANSACTION
control field 20211209080355.0
008 - FIXED-LENGTH DATA ELEMENTS--GENERAL INFORMATION
fixed length control field 161127s1967 ii ||||| |||| 00| 0 ben d
035 ## - SYSTEM CONTROL NUMBER
System control number (BD-RjUL)56374
040 ## - CATALOGING SOURCE
Original cataloging agency BD-RjUL
Language of cataloging ben
Transcribing agency BD-RjUL
Modifying agency BD-RjUL
041 ## - LANGUAGE CODE
Language code of text/sound track or separate title ben
082 ## - DEWEY DECIMAL CLASSIFICATION NUMBER
Edition number 23
Classification number 891.44109
Author mark and year THK 1967
100 ## - MAIN ENTRY--PERSONAL NAME
Personal name ঠাকুর, সৌম্যেন্দ্রনাথ
9 (RLIN) 167337
245 10 - TITLE STATEMENT
Title কালিদাসের কাব্যে ফুল /
Statement of responsibility, etc. সৌম্যেন্দ্রনাথ ঠাকুর,
260 ## - PUBLICATION, DISTRIBUTION, ETC. (IMPRINT)
Place of publication, distribution, etc. কলিকাতা :
Name of publisher, distributor, etc. বুকল্যান্ড প্রাইভেট,
Date of publication, distribution, etc. ১৯৬৭?
300 ## - PHYSICAL DESCRIPTION
Pagination ১১২ পৃ. ;
Size ২৩ সেমি.
650 ## - SUBJECT ADDED ENTRY--TOPICAL TERM
Topical term or geographic name as entry element বাংলা কবিতা
9 (RLIN) 167338
Form subdivision ইতিহাস ও সমালোচনা
Topical term or geographic name as entry element Bengali Poetry
9 (RLIN) 167339
Form subdivision History and Criticism
942 ## - ADDED ENTRY ELEMENTS (KOHA)
Source of classification or shelving scheme Dewey Decimal Classification
Koha item type Books
Holdings
Lost status Source of classification or shelving scheme Damaged status Not for loan Collection code Permanent Location Current Location Shelving location Date acquired Source of acquisition Cost, normal purchase price Total Checkouts Full call number Date last seen Copy number Koha item type
  Dewey Decimal Classification     Non-fiction Central Library, University of Rajshahi Central Library, University of Rajshahi   17/02/1967 N/A 5.00   B 891.44109 THK 1967 27/11/2016 C-2 Books
  Dewey Decimal Classification   Not For Loan Non-fiction Central Library, University of Rajshahi Central Library, University of Rajshahi Reading Room 17/02/1967 Nowroz Kitab, Dhaka 5.00   B 891.44109 THK 1967 21/03/2022 C-1 Books